| 000 | 00576nam a2200217Ia 4500 | ||
|---|---|---|---|
| 005 | 20250508165152.0 | ||
| 008 | 008 250505s9999 xx 000 0 eng d | ||
| 020 | _a81 250 0965 5 | ||
| 037 | _aTextual | ||
| 040 |
_aFEDL _beng _cFEDL |
||
| 041 |
_aeng _2eng |
||
| 084 |
_a001.642, STU _qFEDL |
||
| 100 | _aStultz Russell A | ||
| 245 | 0 | _aLearn Microsoft Office 97 | |
| 260 |
_aNew Delhi, India _bBPB Publications _c1997 |
||
| 300 | _axix,603p. | ||
| 365 |
_aINR _b180 |
||
| 546 | _aRSPEE | ||
| 942 |
_cTEXL _h001.642, STU |
||
| 999 |
_c1393552 _d1393552 |
||